| 000 | 00508nam a2200121Ia 4500 | ||
|---|---|---|---|
| 008 | 220620s9999||||xx |||||||||||||| ||und|| | ||
| 100 | _aLylia Alghem Hamidatou | ||
| 245 | 0 | _aAdvanced Technologies and Applications of Neutron Activation Analysis | |
| 546 | _aEnglish[eng] | ||
| 650 | _aPhysical Sciences||Engineering and Technology||Chemistry||Radiochemistry||Nuclear Chemistry | ||
| 856 | _uhttps://www.intechopen.com/books/advanced-technologies-and-applications-of-neutron-activation-analysis | ||
| 942 | _cEB | ||
| 999 |
_c33929 _d33929 |
||